000 00228 a2200097 4500
001 40825
100 _aAtta ul Haq Qasmi
245 _aRosan-i-Divar Say
260 _aLahore
_bSange-e-Meel Publications
_c
090 _c25087
_d25087
942 _aNUST-CAE
_cM
_c16766
999 _c275898
_d275898